000 00358nam a2200133Ia 4500
008 240624s9999 xx 000 0 und d
041 _aeng
082 _a658.4063 DIC
100 _aDICKINSON BRIAN
245 _aRISK FREE BUSINESS REENGINEERING HOW TO
260 _c2004
_aMumbai
_bJaico Publishing House
300 _axvi, : 300 : p. : cm. ; 25
365 _cRS
999 _c1559
_d1559